Memoria, escuela y democracia : (Record no. 197671)

MARC details
000 -LEADER
campo de control de longitud fija 02875nam a2200397 i 4500
001 - NÚMERO DE CONTROL
campo de control 197671
003 - IDENTIFICADOR DE NÚMERO DE CONTROL
campo de control ES-MaACL
005 - FECHA Y HORA DE LA ÚLTIMA TRANSACCIÓN
campo de control 20250828062540.0
008 - DATOS DE LONGITUD FIJA--INFORMACIÓN GENERAL
campo de control de longitud fija 250505b2024 sp ||||| |||| 00| 0 spa d
017 ## - NÚMERO DE COPYRIGHT O DE DEPÓSITO LEGAL
Número de copyright o de depósito legal V 3960-2024
Agencia que asigna Oficina Depósito Legal Valencia
020 ## - NÚMERO INTERNACIONAL ESTÁNDAR DEL LIBRO
Número Internacional Estándar del Libro 9788411839365
040 ## - FUENTE DE CATALOGACIÓN
Lengua de catalogación spa
Centro/agencia transcriptor ES-MaACL
245 ## - MENCIÓN DEL TÍTULO
Título Memoria, escuela y democracia :
Resto del título una democracia sin memoria no es sostenible /
Mención de responsabilidad, etc. Victorino Mayoral Cortés (coordinador).
260 ## - PUBLICACIÓN, DISTRIBUCIÓN, ETC.
Lugar de publicación, distribución, etc. Valencia :
Nombre del editor, distribuidor, etc. Tirant Humanidades,
-- Fundación CIVES,
Fecha de publicación, distribución, etc. 2024.
300 ## - DESCRIPCIÓN FÍSICA
Extensión 261 páginas ;
Dimensiones 21 cm
336 ## - TIPO DE CONTENIDO
Fuente rdacontent
Término de tipo de contenido texto
337 ## - TIPO DE MEDIO
Fuente rdamedia
Nombre/término del tipo de medio sin mediación
338 ## - TIPO DE SOPORTE
Fuente rdacarrier
Nombre/término del tipo de soporte volumen
520 ## - RESUMEN, ETC.
Sumario, etc. Memoria, escuela y democracia recoge las intervenciones realizadas en el Encuentro Nacional "Memoria Democrática, Educación Democrática y Ciudadanía Democrática", organizado por la Fundación CIVES en colaboración con la Secretaría de Estado de Memoria Democrática los días 1 y 2 de diciembre de 2023 en el Instituto Cervantes.<br/>Este acto puso en común y dio un sentido unitario a la multitud de voces que participaron en los eventos organizados por la Fundación CIVES por todo el territorio español, con el objetivo de sensibilizar y apoyar al profesorado para que la impartición de la Memoria Democrática en las diferentes etapas de la educación obligatoria sea efectiva, siguiendo lo establecido en la LOMLOE y en la Ley de Memoria Democrática.<br/>El programa surgió con la finalidad de contribuir al fortalecimiento de nuestro actual modelo constitucional de convivencia, a promover la vigencia de los valores democráticos de concordia, pluralismo, respeto a los derechos humanos, igualdad de género y educación para la paz. Todo ello solamente será posible si se fundamenta en los principios de verdad, justicia y reparación de las víctimas de las graves violaciones sufridas, así como en la imprescindible garantía y compromiso para la no repetición.
650 #7 - PUNTO DE ACCESO ADICIONAL DE MATERIA--TÉRMINO DE MATERIA
Fuente del encabezamiento o término embne
Término de materia o nombre geográfico como elemento de entrada Educación
9 (RLIN) 12073
650 #7 - PUNTO DE ACCESO ADICIONAL DE MATERIA--TÉRMINO DE MATERIA
9 (RLIN) 145899
Término de materia o nombre geográfico como elemento de entrada Democracia-
Subdivisión geográfica España
650 #4 - PUNTO DE ACCESO ADICIONAL DE MATERIA--TÉRMINO DE MATERIA
9 (RLIN) 13579
Término de materia o nombre geográfico como elemento de entrada Igualdad
650 #4 - PUNTO DE ACCESO ADICIONAL DE MATERIA--TÉRMINO DE MATERIA
9 (RLIN) 17110
Término de materia o nombre geográfico como elemento de entrada Sindicalismo
655 #0 - TERMINO DE INDIZACIÓN--GENERO/FORMA
9 (RLIN) 176636
Datos o término principal de género/forma Ensayos
700 1# - ENTRADA AGREGADA--NOMBRE PERSONAL
Nombre de persona Mayoral Cortés, Victorino
Término indicativo de función/relación Coordinador
9 (RLIN) 242065
700 1# - ENTRADA AGREGADA--NOMBRE PERSONAL
Nombre de persona Rodríguez Zapatero, José Luis,
Término indicativo de función/relación Autor
9 (RLIN) 98879
Fechas asociadas al nombre 1960-
700 1# - ENTRADA AGREGADA--NOMBRE PERSONAL
Nombre de persona Martínez López, Fernando,
Término indicativo de función/relación Autor
9 (RLIN) 143395
Fechas asociadas al nombre 1949-
700 1# - ENTRADA AGREGADA--NOMBRE PERSONAL
Nombre de persona Bar Cendón, José Manuel
Término indicativo de función/relación Autor
9 (RLIN) 242066
700 1# - ENTRADA AGREGADA--NOMBRE PERSONAL
Nombre de persona Navarro Pulido, Eva
Término indicativo de función/relación Autor
9 (RLIN) 242067
852 ## - LOCALIZACIÓN
Ubicación ES-MaACL
Ubicación en estantería Depósito J
Número de control de estantería N-10549
Anotaciones manuscritas Dedicatoria autógrafa del coordinador
Donativo/Legado Donación: Víctoriano Mayoral Cortés
Encuadernación Encuadernación rústica con solapas
itemnumber 206673
903 ## - NOMBRE PERSONAL DE DONANTE
a Mayoral Cortés, Victorino
e Donante
942 ## - ELEMENTOS DE ENTRADA SECUNDARIOS (KOHA)
Tipo de ítem Koha Libro impreso
Suprimir en OPAC No
Holdings
Estatus retirado Estado de pérdida Fuente del sistema de clasificación o colocación Estado de daño No para préstamo Biblioteca de origen Biblioteca actual Ubicación en estantería Fecha de adquisición Fuente de adquisición Total de préstamos Signatura topográfica completa Código de barras Visto por última vez Precio de reemplazo Tipo de ítem Koha
    Clasificación decimal universal     Biblioteca del Ateneo de Madrid Biblioteca del Ateneo de Madrid Depósito J 25/08/2025 Donación   N-10549 2025-1049 25/08/2025 25/08/2025 Libro impreso